[Event "NB I. Charousek csoport"]
[Site "Gyor"]
[Date "2023.11.12"]
[Round "2.7"]
[White "Farkas, Zsolt"]
[Black "Jozsa, Csaba"]
[Result "1-0"]
[WhiteElo "2144"]
[BlackElo "2155"]
[PlyCount "57"]
[EventDate "2023.10.08"]
[EventType "team-tourn"]
[EventRounds "11"]
[EventCountry "HUN"]
[Source "chess.hu"]
[WhiteTeam "Z.Csuti-Hydrocomp SK"]
[BlackTeam "Gyori Elektromos"]
[WhiteTeamCountry "HUN"]
[BlackTeamCountry "HUN"]

1. e4 c5 2. Nf3 d6 3. d4 cxd4 4. Nxd4 Nf6 5. Nc3 a6 6. Bg5 e6 7. f4 Be7 8. Qf3
O-O 9. O-O-O Qc7 10. g4 Nc6 11. h4 Nxd4 12. Rxd4 b5 13. Rd2 b4 14. Bxf6 Bxf6
15. Nd1 Bb7 16. g5 Be7 17. f5 exf5 18. Qxf5 g6 19. Qg4 Rac8 20. h5 Qa5 21. Rg2
Qxa2 22. hxg6 fxg6 23. Bd3 Rc5 24. Qh3 Rf7 25. Ne3 Bxg5 26. Rxg5 Rxg5 27. Bc4
Qa1+ 28. Kd2 Qxb2 29. Qxh7+ 1-0

[Event "NB I. Charousek csoport"]
[Site "Gyor"]
[Date "2023.11.12"]
[Round "2.8"]
[White "Papai, Mate"]
[Black "Forgo, Eva"]
[Result "1/2-1/2"]
[WhiteElo "1808"]
[BlackElo "2067"]
[PlyCount "53"]
[EventDate "2023.10.08"]
[EventType "team-tourn"]
[EventRounds "11"]
[EventCountry "HUN"]
[Source "chess.hu"]
[WhiteTeam "Gyori Elektromos"]
[BlackTeam "Z.Csuti-Hydrocomp SK"]
[WhiteTeamCountry "HUN"]
[BlackTeamCountry "HUN"]

1. d4 d5 2. c4 c6 3. Nc3 Nf6 4. Nf3 e6 5. cxd5 exd5 6. Bg5 Be7 7. e3 Bf5 8. Be2
h6 9. Bh4 Nbd7 10. O-O O-O 11. Rc1 Re8 12. Na4 Ne4 13. Bxe7 Qxe7 14. a3 a5 15.
Ne1 b5 16. Nc3 Qd6 17. Nxe4 Bxe4 18. Nd3 Bxd3 19. Bxd3 Nb6 20. Rc2 Nc4 21. Qc1
Re6 22. e4 dxe4 23. Bxc4 bxc4 24. Rxc4 Qd7 25. Re1 Rb8 26. Re3 Rb5 27. Rg3
1/2-1/2

[Event "NB I. Charousek csoport"]
[Site "Gyor"]
[Date "2023.11.12"]
[Round "2.9"]
[White "Boronyak, Arpad"]
[Black "Guzs, Laszlo"]
[Result "1-0"]
[WhiteElo "2057"]
[BlackElo "1852"]
[PlyCount "119"]
[EventDate "2023.10.08"]
[EventType "team-tourn"]
[EventRounds "11"]
[EventCountry "HUN"]
[Source "chess.hu"]
[WhiteTeam "Z.Csuti-Hydrocomp SK"]
[BlackTeam "Gyori Elektromos"]
[WhiteTeamCountry "HUN"]
[BlackTeamCountry "HUN"]

1. e4 c5 2. Nc3 Nc6 3. f4 g6 4. Nf3 Bg7 5. Bc4 e6 6. O-O Nge7 7. d3 O-O 8. Qe1
d5 9. Bb3 a6 10. a4 Nd4 11. Nxd4 cxd4 12. Ne2 dxe4 13. dxe4 d3 14. Nc3 Qb6+ 15.
Be3 Bd4 16. Bxd4 Qxd4+ 17. Qf2 Qb4 18. Rad1 dxc2 19. Qxc2 Nc6 20. Ba2 Rd8 21.
Rxd8+ Nxd8 22. Qf2 Bd7 23. Rd1 Bc6 24. f5 exf5 25. exf5 Qg4 26. fxg6 Qxg6 27.
Bb1 Qh5 28. Rd4 Ne6 29. Rh4 Qc5 30. Bxh7+ Kg7 31. Bc2 Qxf2+ 32. Kxf2 Rd8 33.
Ke3 Kf6 34. g3 Ke7 35. Be4 Bxe4 36. Rxe4 Kf6 37. Rb4 Rd7 38. h4 Ke5 39. Re4+
Kf6 40. g4 Kg6 41. Re5 Rd6 42. b4 Rc6 43. Nd5 Kg7 44. g5 Rc1 45. Kd2 Rc4 46. h5
Rg4 47. g6 fxg6 48. Rxe6 Rd4+ 49. Kc3 Rxd5 50. hxg6 Rd7 51. Kc4 Rc7+ 52. Kd5
Kf8 53. Rf6+ Ke8 54. Rf7 Rc6 55. Rxb7 Rxg6 56. a5 Kd8 57. Rb6 Rg4 58. Kc5 Rg5+
59. Kc4 Rg4+ 60. Kb3 1-0

[Event "NB I. Charousek csoport"]
[Site "Gyor"]
[Date "2023.11.12"]
[Round "2.10"]
[White "Steiner, Botond"]
[Black "Meszaros, Casey Ryan"]
[Result "1/2-1/2"]
[WhiteElo "1824"]
[BlackElo "1936"]
[PlyCount "69"]
[EventDate "2023.10.08"]
[EventType "team-tourn"]
[EventRounds "11"]
[EventCountry "HUN"]
[Source "chess.hu"]
[WhiteTeam "Gyori Elektromos"]
[BlackTeam "Z.Csuti-Hydrocomp SK"]
[WhiteTeamCountry "HUN"]
[BlackTeamCountry "HUN"]

1. e4 d5 2. exd5 Nf6 3. d4 Bg4 4. f3 Bf5 5. Bb5+ Nbd7 6. Nc3 a6 7. Bd3 Bxd3 8.
Qxd3 Nb6 9. Nge2 Nbxd5 10. Nxd5 Nxd5 11. c3 e6 12. O-O Be7 13. Nf4 O-O 14. Rd1
Bg5 15. Nxd5 Qxd5 16. Bxg5 Qxg5 17. Qe4 c6 18. a4 Rad8 19. b4 a5 20. Rab1 axb4
21. Rxb4 Qa5 22. Rd3 Rd7 23. Kf2 Rfd8 24. f4 Qa7 25. Kf3 Rd5 26. Rd2 c5 27. Rc4
Qa6 28. Qe2 b5 29. axb5 Qxb5 30. Rxc5 Rxc5 31. dxc5 Qc6+ 32. Kg3 Rc8 33. Qe5 h6
34. Qd6 Qxc5 35. Qxc5 1/2-1/2

[Event "NB I. Charousek csoport"]
[Site "Gyor"]
[Date "2023.11.12"]
[Round "2.11"]
[White "Bardossi, Jeno"]
[Black "Restar, Laszlo Dr"]
[Result "1-0"]
[WhiteElo "2043"]
[BlackElo "1784"]
[PlyCount "95"]
[EventDate "2023.10.08"]
[EventType "team-tourn"]
[EventRounds "11"]
[EventCountry "HUN"]
[Source "chess.hu"]
[WhiteTeam "Z.Csuti-Hydrocomp SK"]
[BlackTeam "Gyori Elektromos"]
[WhiteTeamCountry "HUN"]
[BlackTeamCountry "HUN"]

1. e4 e5 2. Nc3 Nf6 3. Bc4 Nc6 4. d3 d6 5. f4 Na5 6. Bb3 Nxb3 7. axb3 c6 8. Nf3
Bg4 9. O-O Be7 10. fxe5 dxe5 11. Be3 b6 12. h3 Bxf3 13. Qxf3 O-O 14. Qg3 Qd6
15. Ra6 Nh5 16. Qf3 Nf4 17. Bxf4 exf4 18. Qxf4 Qxf4 19. Rxf4 Bc5+ 20. Kh1 Rfc8
21. Ne2 b5 22. Ng3 Bd6 23. Rf3 Bxg3 24. Rxg3 Rc7 25. Rg5 Rb8 26. Rc5 Rb6 27.
Ra1 Kf8 28. Kg1 Ke7 29. Kf2 f6 30. Ke3 Ke6 31. b4 Re7 32. Kf4 g6 33. d4 Rd7 34.
Ke3 a6 35. g4 Rf7 36. Rf1 h6 37. h4 Rf8 38. h5 g5 39. Rf2 Rf7 40. Kd3 Rf8 41.
b3 Rf7 42. Rcf5 Rb8 43. d5+ cxd5 44. exd5+ Kd6 45. Kd4 Ke7 46. Re2+ Kd7 47. Re6
Rc8 48. c3 1-0

[Event "NB I. Charousek csoport"]
[Site "Gyor"]
[Date "2023.11.12"]
[Round "2.12"]
[White "Ferenczy, Nora"]
[Black "Borocz, Lorinc"]
[Result "0-1"]
[WhiteElo "1538"]
[BlackElo "1909"]
[PlyCount "72"]
[EventDate "2023.10.08"]
[EventType "team-tourn"]
[EventRounds "11"]
[EventCountry "HUN"]
[Source "chess.hu"]
[WhiteTeam "Gyori Elektromos"]
[BlackTeam "Z.Csuti-Hydrocomp SK"]
[WhiteTeamCountry "HUN"]
[BlackTeamCountry "HUN"]

1. d4 Nf6 2. c4 e6 3. Nc3 d5 4. cxd5 exd5 5. Bg5 Be7 6. e3 O-O 7. Qc2 Re8 8.
Bd3 h6 9. Bh4 a6 10. Nf3 b6 11. O-O Bb7 12. Rac1 Nbd7 13. Bg3 Rc8 14. Ne2 c5
15. Bf5 Bf8 16. Nc3 b5 17. dxc5 Bxc5 18. Rfd1 b4 19. Ne2 Bxe3 20. Bc7 Bxc1 21.
Bxd8 Rxc2 22. Bxc2 Bxb2 23. Bxf6 Nxf6 24. Nf4 Rc8 25. Bb3 a5 26. h3 Rc1 27. Nd3
Rxd1+ 28. Bxd1 Bc3 29. Ba4 Ne4 30. Nfe5 Bxe5 31. Nxe5 Nc3 32. Be8 Nxa2 33.
Bxf7+ Kf8 34. Bg6 Nc3 35. Nd7+ Ke7 36. Nc5 Bc6 0-1

[Event "NB I. Charousek csoport"]
[Site "Zalaegerszeg"]
[Date "2023.10.29"]
[Round "3.1"]
[White "Sebenik, Matej"]
[Black "Horvath, Adam"]
[Result "1-0"]
[WhiteElo "2523"]
[BlackElo "2438"]
[PlyCount "77"]
[EventDate "2023.10.08"]
[EventType "team-tourn"]
[EventRounds "11"]
[EventCountry "HUN"]
[Source "chess.hu"]
[WhiteTeam "SZ-A STE"]
[BlackTeam "Z.Csuti-Hydrocomp SK"]
[WhiteTeamCountry "HUN"]
[BlackTeamCountry "HUN"]

1. d4 Nf6 2. c4 e6 3. g3 Bb4+ 4. Bd2 Qe7 5. Nf3 Bxd2+ 6. Qxd2 d5 7. Bg2 dxc4 8.
O-O Nc6 9. Na3 O-O 10. Nxc4 Rd8 11. Qc3 a5 12. a3 Ne4 13. Qc2 Nd6 14. Rfd1 Nxc4
15. Qxc4 Nb8 16. Ne5 c6 17. Qc5 Kf8 18. Qc2 Kg8 19. Be4 g6 20. h4 Nd7 21. h5
Nf6 22. hxg6 hxg6 23. Bf3 Bd7 24. e4 Be8 25. Qc3 Nd7 26. Nc4 c5 27. e5 cxd4 28.
Qxd4 Nc5 29. Qe3 Bc6 30. Bxc6 Rxd1+ 31. Rxd1 bxc6 32. Nd6 Nd7 33. Ne4 Kg7 34.
Qd4 Nf8 35. Kg2 Nh7 36. Rh1 Rd8 37. Qe3 g5 38. Nf6 Rh8 39. Rxh7+ 1-0

[Event "NB I. Charousek csoport"]
[Site "Zalaegerszeg"]
[Date "2023.10.29"]
[Round "3.3"]
[White "Takacs, Balazs"]
[Black "Horvath, Tamas"]
[Result "1/2-1/2"]
[WhiteElo "2338"]
[BlackElo "2296"]
[PlyCount "30"]
[EventDate "2023.10.08"]
[EventType "team-tourn"]
[EventRounds "11"]
[EventCountry "HUN"]
[Source "chess.hu"]
[WhiteTeam "SZ-A STE"]
[BlackTeam "Z.Csuti-Hydrocomp SK"]
[WhiteTeamCountry "HUN"]
[BlackTeamCountry "HUN"]

1. e4 c5 2. Nf3 e6 3. d4 cxd4 4. Nxd4 Nf6 5. Nc3 Nc6 6. Ndb5 d6 7. Bf4 e5 8.
Bg5 a6 9. Na3 b5 10. Nd5 Be7 11. Bxf6 Bxf6 12. c3 O-O 13. Nc2 Bg5 14. h4 Bh6
15. g3 Rb8 1/2-1/2

[Event "NB I. Charousek csoport"]
[Site "Zalaegerszeg"]
[Date "2023.10.29"]
[Round "3.4"]
[White "Nagy, Kristof"]
[Black "Gjuran, Denis"]
[Result "1/2-1/2"]
[WhiteElo "2208"]
[BlackElo "2291"]
[PlyCount "28"]
[EventDate "2023.10.08"]
[EventType "team-tourn"]
[EventRounds "11"]
[EventCountry "HUN"]
[Source "chess.hu"]
[WhiteTeam "Z.Csuti-Hydrocomp SK"]
[BlackTeam "SZ-A STE"]
[WhiteTeamCountry "HUN"]
[BlackTeamCountry "HUN"]

1. d4 d5 2. Nf3 e6 3. Bf4 Bd6 4. Bg3 Nf6 5. e3 O-O 6. Nbd2 c5 7. c3 Qc7 8. Ne5
b6 9. Bd3 Ba6 10. Bxa6 Nxa6 11. Qe2 Nb8 12. O-O Nfd7 13. f4 f6 14. Qg4 f5
1/2-1/2

[Event "NB I. Charousek csoport"]
[Site "Zalaegerszeg"]
[Date "2023.10.29"]
[Round "3.5"]
[White "Ronai, Akos Balazs"]
[Black "Pogany, Zsombor"]
[Result "1-0"]
[WhiteElo "2193"]
[BlackElo "2218"]
[PlyCount "67"]
[EventDate "2023.10.08"]
[EventType "team-tourn"]
[EventRounds "11"]
[EventCountry "HUN"]
[Source "chess.hu"]
[WhiteTeam "SZ-A STE"]
[BlackTeam "Z.Csuti-Hydrocomp SK"]
[WhiteTeamCountry "HUN"]
[BlackTeamCountry "HUN"]

1. d4 Nf6 2. c4 g6 3. g3 c6 4. Bg2 d5 5. Nc3 Bg7 6. Nf3 dxc4 7. a4 a5 8. O-O
O-O 9. e4 Nfd7 10. Bf4 Nb6 11. h3 Na6 12. Qd2 Re8 13. Rad1 Nb4 14. Bh6 Bh8 15.
e5 Bf5 16. Qf4 Nd3 17. Qd2 Nb4 18. Nh4 Bd3 19. Rfe1 Qxd4 20. Re4 Qd7 21. e6
fxe6 22. Nxg6 hxg6 23. Qg5 Kh7 24. Qh4 Bf6 25. Bg5+ Kg8 26. Qh6 e5 27. Qxg6+
Bg7 28. Rxd3 cxd3 29. Rh4 Qd6 30. Qh7+ Kf7 31. Qf5+ Kg8 32. Be4 Rf8 33. Rh8+
Bxh8 34. Qh7# 1-0

[Event "NB I. Charousek csoport"]
[Site "Zalaegerszeg"]
[Date "2023.10.29"]
[Round "3.6"]
[White "Csiszar, Zoltan"]
[Black "Kovac, Boris"]
[Result "1/2-1/2"]
[WhiteElo "2265"]
[BlackElo "2183"]
[PlyCount "113"]
[EventDate "2023.10.08"]
[EventType "team-tourn"]
[EventRounds "11"]
[EventCountry "HUN"]
[Source "chess.hu"]
[WhiteTeam "Z.Csuti-Hydrocomp SK"]
[BlackTeam "SZ-A STE"]
[WhiteTeamCountry "HUN"]
[BlackTeamCountry "HUN"]

1. d4 Nf6 2. c4 e6 3. Nc3 Bb4 4. Qc2 c5 5. dxc5 O-O 6. a3 Bxc5 7. Nf3 Nc6 8.
Bg5 h6 9. Bh4 b6 10. e3 Bb7 11. Be2 Be7 12. O-O Qb8 13. Rfd1 Rd8 14. Rd2 d6 15.
Rad1 a6 16. Qb3 g5 17. Bg3 Qc7 18. Na4 Ne4 19. Rc2 Rab8 20. Nd2 Nxg3 21. hxg3
Ba8 22. Nc3 Ne5 23. Bf1 Rdc8 24. Rdc1 Qb7 25. Ne2 Rc5 26. Qa2 Nd3 27. Rd1 Rf5
28. f3 Ne5 29. Nd4 Rf6 30. Ne4 Rg6 31. Nf2 g4 32. f4 Nc6 33. Ne2 h5 34. Rcd2 f5
35. b4 b5 36. e4 fxe4 37. f5 Rh6 38. Nxe4 Nxb4 39. axb4 Qxe4 40. Qa3 Qxf5 41.
Nd4 Qg5 42. cxb5 axb5 43. Nxb5 d5 44. Qa7 Rf8 45. Nc7 h4 46. Rf2 hxg3 47. Rxf8+
Bxf8 48. Bb5 Qh5 49. Kf1 Qh1+ 50. Qg1 Rf6+ 51. Ke2 Rf2+ 52. Qxf2 Qxd1+ 53. Kxd1
gxf2 54. Nxa8 Bxb4 55. Ke2 g3 56. Nc7 Kf7 57. Bd7 1/2-1/2

[Event "NB I. Charousek csoport"]
[Site "Zalaegerszeg"]
[Date "2023.10.29"]
[Round "3.8"]
[White "Horvath, Sandor"]
[Black "Makk, Robert"]
[Result "1/2-1/2"]
[WhiteElo "2214"]
[BlackElo "2158"]
[PlyCount "44"]
[EventDate "2023.10.08"]
[EventType "team-tourn"]
[EventRounds "11"]
[EventCountry "HUN"]
[Source "chess.hu"]
[WhiteTeam "Z.Csuti-Hydrocomp SK"]
[BlackTeam "SZ-A STE"]
[WhiteTeamCountry "HUN"]
[BlackTeamCountry "HUN"]

1. e4 c5 2. g3 Nc6 3. Bg2 g6 4. Ne2 Bg7 5. O-O e6 6. c3 Nge7 7. Na3 O-O 8. Nc2
Rb8 9. d4 cxd4 10. Nexd4 Nxd4 11. Nxd4 b6 12. Nb5 Nc6 13. Qd6 a6 14. Nd4 Qe7
15. Qxe7 Nxe7 16. Nb3 Rd8 17. Bf4 e5 18. Bg5 f6 19. Be3 d6 20. Rfd1 Be6 21. Rd2
Nc6 22. Rad1 Bf8 1/2-1/2

[Event "NB I. Charousek csoport"]
[Site "Zalaegerszeg"]
[Date "2023.10.29"]
[Round "3.9"]
[White "Hitter, Gabriella"]
[Black "Forgo, Eva"]
[Result "1/2-1/2"]
[WhiteElo "2061"]
[BlackElo "2079"]
[PlyCount "27"]
[EventDate "2023.10.08"]
[EventType "team-tourn"]
[EventRounds "11"]
[EventCountry "HUN"]
[Source "chess.hu"]
[WhiteTeam "SZ-A STE"]
[BlackTeam "Z.Csuti-Hydrocomp SK"]
[WhiteTeamCountry "HUN"]
[BlackTeamCountry "HUN"]

1. e4 e5 2. Nf3 Nc6 3. Bb5 a6 4. Ba4 d6 5. h3 Nf6 6. d3 b5 7. Bb3 Na5 8. Nbd2
Nxb3 9. Nxb3 Be7 10. Bg5 h6 11. Bh4 c5 12. c3 Bb7 13. Nbd2 O-O 14. O-O 1/2-1/2

[Event "NB I. Charousek csoport"]
[Site "Zalaegerszeg"]
[Date "2023.10.29"]
[Round "3.10"]
[White "Boronyak, Arpad"]
[Black "Parragi, Istvan"]
[Result "1-0"]
[WhiteElo "2039"]
[BlackElo "1898"]
[PlyCount "113"]
[EventDate "2023.10.08"]
[EventType "team-tourn"]
[EventRounds "11"]
[EventCountry "HUN"]
[Source "chess.hu"]
[WhiteTeam "Z.Csuti-Hydrocomp SK"]
[BlackTeam "SZ-A STE"]
[WhiteTeamCountry "HUN"]
[BlackTeamCountry "HUN"]

1. e4 a6 2. d4 e6 3. Be3 d6 4. Nc3 Nd7 5. Nf3 b5 6. a3 Bb7 7. Be2 Ngf6 8. Nd2
c5 9. O-O cxd4 10. Bxd4 g5 11. Be3 Rg8 12. f4 gxf4 13. Bxf4 Qb6+ 14. Kh1 e5 15.
Bg3 Rxg3 16. hxg3 Qe3 17. Bf3 Nb6 18. Qe2 Qh6+ 19. Kg1 Be7 20. a4 b4 21. Nd5
Nfxd5 22. exd5 Bg5 23. Nc4 Nxc4 24. Qxc4 Be3+ 25. Rf2 Rc8 26. Qd3 Bd4 27. Re1
Kd8 28. Kf1 Rc7 29. Qd2 Qxd2 30. Rxd2 Bxb2 31. Re4 f5 32. Rh4 Bc3 33. Rf2 Rg7
34. g4 e4 35. Be2 Bf6 36. Rh6 Bg5 37. Rxd6+ Kc7 38. Re6 f4 39. Rxe4 a5 40. Rd4
Kd6 41. Bf3 Bc8 42. Kg1 Rc7 43. Re2 Bd7 44. Rd1 Rc3 45. Rd3 Rc5 46. Kh2 Bxa4
47. Re6+ Kd7 48. Ra6 Bxc2 49. Rd2 b3 50. Ra7+ Rc7 51. Rxa5 h6 52. Rb5 Kd6 53.
Rb6+ Kc5 54. Rc6+ Rxc6 55. dxc6 Kb6 56. Rd7 Bd8 57. Rxd8 1-0

[Event "NB I. Charousek csoport"]
[Site "Zalaegerszeg"]
[Date "2023.10.29"]
[Round "3.11"]
[White "Kutas, Lajos Jr"]
[Black "Majoros, Rozsa Evelin"]
[Result "1/2-1/2"]
[WhiteElo "1906"]
[BlackElo "2029"]
[PlyCount "44"]
[EventDate "2023.10.08"]
[EventType "team-tourn"]
[EventRounds "11"]
[EventCountry "HUN"]
[Source "chess.hu"]
[WhiteTeam "SZ-A STE"]
[BlackTeam "Z.Csuti-Hydrocomp SK"]
[WhiteTeamCountry "HUN"]
[BlackTeamCountry "HUN"]

1. d4 Nf6 2. c3 e6 3. Nf3 d5 4. Bf4 c5 5. e3 Nc6 6. Nbd2 Nh5 7. Bg5 Qb6 8. Qb3
h6 9. Bh4 g5 10. Bg3 Nxg3 11. hxg3 Bg7 12. Be2 Bd7 13. O-O O-O 14. Rfd1 Rad8
15. Qxb6 axb6 16. Bb5 Rfe8 17. Nb3 c4 18. Nbd2 Na5 19. Bxd7 Rxd7 20. Re1 f5 21.
Ne5 Bxe5 22. dxe5 Nc6 1/2-1/2

[Event "NB I. Charousek csoport"]
[Site "Biatorbagy"]
[Date "2023.10.29"]
[Round "3.1"]
[White "Vertetics, Attila"]
[Black "Szeberenyi, Adam"]
[Result "1-0"]
[WhiteElo "2457"]
[BlackElo "2308"]
[PlyCount "53"]
[EventDate "2023.10.08"]
[EventType "team-tourn"]
[EventRounds "11"]
[EventCountry "HUN"]
[Source "chess.hu"]
[WhiteTeam "Gyori Elektromos"]
[BlackTeam "Biatorbagy II"]
[WhiteTeamCountry "HUN"]
[BlackTeamCountry "HUN"]

1. d4 Nf6 2. Bg5 d5 3. c3 e6 4. Nd2 Be7 5. e3 Nbd7 6. Bd3 e5 7. Ne2 e4 8. Bc2
Nf8 9. c4 c6 10. cxd5 cxd5 11. Ba4+ Bd7 12. Bxf6 gxf6 13. Nf4 b5 14. Bb3 Be6
15. Qh5 Ng6 16. Nxd5 f5 17. Nc3 b4 18. Ne2 Qd7 19. Rc1 a5 20. Bxe6 Qxe6 21. Nc4
a4 22. d5 Qf6 23. d6 Bd8 24. Nd4 Rc8 25. Qxf5 Qxf5 26. Nxf5 Ne5 27. d7+ 1-0

[Event "NB I. Charousek csoport"]
[Site "Biatorbagy"]
[Date "2023.10.29"]
[Round "3.2"]
[White "Fodor, Istvan"]
[Black "Ezsol, Miklos"]
[Result "1-0"]
[WhiteElo "2321"]
[BlackElo "2337"]
[PlyCount "59"]
[EventDate "2023.10.08"]
[EventType "team-tourn"]
[EventRounds "11"]
[EventCountry "HUN"]
[Source "chess.hu"]
[WhiteTeam "Biatorbagy II"]
[BlackTeam "Gyori Elektromos"]
[WhiteTeamCountry "HUN"]
[BlackTeamCountry "HUN"]

1. e4 c6 2. d4 d5 3. Nc3 g6 4. h3 Bg7 5. Nf3 Nh6 6. Bd3 f6 7. O-O Nf7 8. Re1
O-O 9. Bf1 b6 10. a4 a6 11. Ra3 Bb7 12. h4 Nd7 13. h5 Re8 14. hxg6 hxg6 15. Nh4
Nf8 16. exd5 cxd5 17. Bd3 Nh8 18. Qg4 e5 19. dxe5 fxe5 20. Bxg6 Nhxg6 21. Nxg6
Qf6 22. Nh4 Ne6 23. Ne2 e4 24. Ng3 Rf8 25. Ngf5 Bc8 26. Rg3 Ra7 27. Qh5 Nf4 28.
Nh6+ Kh7 29. Bxf4 Bxh6 30. Ng6 1-0

[Event "NB I. Charousek csoport"]
[Site "Biatorbagy"]
[Date "2023.10.29"]
[Round "3.3"]
[White "Farkas, Lajos Dr"]
[Black "Szakmary, Domonkos"]
[Result "1-0"]
[WhiteElo "2195"]
[BlackElo "1956"]
[PlyCount "101"]
[EventDate "2023.10.08"]
[EventType "team-tourn"]
[EventRounds "11"]
[EventCountry "HUN"]
[Source "chess.hu"]
[WhiteTeam "Gyori Elektromos"]
[BlackTeam "Biatorbagy II"]
[WhiteTeamCountry "HUN"]
[BlackTeamCountry "HUN"]

1. d4 d5 2. Nf3 c6 3. b3 Nf6 4. Bb2 Bg4 5. e3 e6 6. Bd3 Bd6 7. Nbd2 Nbd7 8. h3
Bh5 9. O-O O-O 10. Qe1 Qc7 11. c4 Rfe8 12. c5 Bf8 13. b4 Bg6 14. Bxg6 hxg6 15.
Ne5 Nxe5 16. dxe5 Nd7 17. f4 a5 18. a3 axb4 19. axb4 b6 20. Bd4 bxc5 21. bxc5
Nxc5 22. Qe2 Rxa1 23. Rxa1 Rb8 24. Rc1 Nd7 25. e4 Qb7 26. Rb1 Qc7 27. Rc1 Ba3
28. Rc2 Qb7 29. f5 c5 30. fxe6 cxd4 31. exd7 Qxd7 32. Qf3 dxe4 33. Qxa3 e3 34.
Qd6 Qxd6 35. exd6 d3 36. Ra2 Rd8 37. Nc4 Rxd6 38. Nxe3 f6 39. Kf2 Kh7 40. Ke1
Kh6 41. Kd2 f5 42. Ra3 Kg5 43. Rxd3 Rxd3+ 44. Kxd3 Kf4 45. Nf1 g5 46. Ke2 g4
47. g3+ Kg5 48. h4+ Kh5 49. Ke3 g5 50. hxg5 Kxg5 51. Nd2 1-0

[Event "NB I. Charousek csoport"]
[Site "Biatorbagy"]
[Date "2023.10.29"]
[Round "3.4"]
[White "Felmery, Mate"]
[Black "Schmikli, Laszlo"]
[Result "1-0"]
[WhiteElo "2158"]
[BlackElo "2192"]
[PlyCount "101"]
[EventDate "2023.10.08"]
[EventType "team-tourn"]
[EventRounds "11"]
[EventCountry "HUN"]
[Source "chess.hu"]
[WhiteTeam "Biatorbagy II"]
[BlackTeam "Gyori Elektromos"]
[WhiteTeamCountry "HUN"]
[BlackTeamCountry "HUN"]

1. e4 e5 2. Nf3 d5 3. exd5 Bd6 4. Nc3 f5 5. d4 e4 6. Ne5 Nf6 7. Bb5+ Nbd7 8. f4
a6 9. Be2 O-O 10. O-O b5 11. a4 b4 12. Na2 Nxd5 13. c4 Ne7 14. Nxd7 Bxd7 15. c5
a5 16. cxd6 cxd6 17. d5 Qb6+ 18. Kh1 Qc5 19. Qb3 Rfc8 20. Be3 Qxd5 21. Nc1 Be6
22. Qxd5 Nxd5 23. Bd4 Rc2 24. Bd1 Rc6 25. Ne2 Rac8 26. Bg1 Bf7 27. Nd4 Rc1 28.
Rxc1 Rxc1 29. Nxf5 Rb1 30. Bd4 Nxf4 31. Nxd6 Bd5 32. Kg1 e3 33. Bxe3 Nxg2 34.
Bd4 Nf4 35. Bg4 Rxf1+ 36. Kxf1 Ne6 37. Bb6 Bb3 38. Bxe6+ Bxe6 39. Nb7 Bd5 40.
Nc5 b3 41. Bxa5 Kf7 42. Ke2 Ke7 43. Bc7 g5 44. Kd2 h5 45. Kc3 h4 46. Nxb3 g4
47. Nd4 Kd7 48. Bf4 Kc8 49. Nf5 g3 50. Ne7+ Kd7 51. Nxd5 1-0

[Event "NB I. Charousek csoport"]
[Site "Biatorbagy"]
[Date "2023.10.29"]
[Round "3.5"]
[White "Solymosi, Istvan"]
[Black "Jamrich, Gyorgy"]
[Result "0-1"]
[WhiteElo "2125"]
[BlackElo "2133"]
[PlyCount "90"]
[EventDate "2023.10.08"]
[EventType "team-tourn"]
[EventRounds "11"]
[EventCountry "HUN"]
[Source "chess.hu"]
[WhiteTeam "Gyori Elektromos"]
[BlackTeam "Biatorbagy II"]
[WhiteTeamCountry "HUN"]
[BlackTeamCountry "HUN"]

1. d4 d5 2. c4 e6 3. Nc3 Bb4 4. a3 Bxc3+ 5. bxc3 Nf6 6. f3 O-O 7. e3 Nbd7 8.
cxd5 exd5 9. Bd3 c5 10. Ne2 Qc7 11. O-O Nb6 12. e4 Bd7 13. Bg5 Ba4 14. Qe1 Nfd7
15. Qh4 Rfe8 16. e5 Nf8 17. f4 cxd4 18. cxd4 Nc4 19. Rac1 Qb6 20. Be7 Ng6 21.
Bxg6 fxg6 22. Bc5 Qb2 23. Qf2 b6 24. Bb4 a5 25. Bc3 Qa2 26. Ra1 Qc2 27. Qf3 Bc6
28. Rfc1 Qa4 29. Be1 Rad8 30. Nc3 Qb3 31. Rcb1 Qc2 32. Ra2 Qf5 33. g4 Qd7 34.
Re2 b5 35. Bh4 Rb8 36. f5 Nxa3 37. e6 Qa7 38. Rd1 b4 39. Nxd5 Qb7 40. Re5 Nc4
41. e7 Nxe5 42. dxe5 Bxd5 43. Rxd5 b3 44. f6 gxf6 45. exf6 Kf7 0-1

[Event "NB I. Charousek csoport"]
[Site "Biatorbagy"]
[Date "2023.10.29"]
[Round "3.6"]
[White "Ravasz, Laszlo Jr"]
[Black "Zoldi, Zoltan"]
[Result "1-0"]
[WhiteElo "2218"]
[BlackElo "2110"]
[PlyCount "55"]
[EventDate "2023.10.08"]
[EventType "team-tourn"]
[EventRounds "11"]
[EventCountry "HUN"]
[Source "chess.hu"]
[WhiteTeam "Biatorbagy II"]
[BlackTeam "Gyori Elektromos"]
[WhiteTeamCountry "HUN"]
[BlackTeamCountry "HUN"]

1. b3 Nf6 2. Bb2 e6 3. Nf3 b6 4. e3 Bb7 5. c4 c5 6. Nc3 Be7 7. g3 O-O 8. Bg2 d5
9. O-O Nc6 10. cxd5 exd5 11. d4 cxd4 12. Nxd4 Nxd4 13. Qxd4 Bc5 14. Qd3 Qd6 15.
Rfd1 Rad8 16. Nb5 Qe7 17. Nd4 g6 18. a3 a5 19. b4 axb4 20. axb4 Bxb4 21. Ra7
Rd6 22. Nb5 Re6 23. Bxf6 Rxf6 24. Bxd5 Rb8 25. Bxb7 Rxb7 26. Qd8+ Kg7 27. Rxb7
Qxb7 28. Nc7 1-0

[Event "NB I. Charousek csoport"]
[Site "Biatorbagy"]
[Date "2023.10.29"]
[Round "3.7"]
[White "Horvath, Tamas"]
[Black "Erdei, Andras Dr"]
[Result "1/2-1/2"]
[WhiteElo "2094"]
[BlackElo "2125"]
[PlyCount "41"]
[EventDate "2023.10.08"]
[EventType "team-tourn"]
[EventRounds "11"]
[EventCountry "HUN"]
[Source "chess.hu"]
[WhiteTeam "Gyori Elektromos"]
[BlackTeam "Biatorbagy II"]
[WhiteTeamCountry "HUN"]
[BlackTeamCountry "HUN"]

1. d4 f5 2. Nf3 Nf6 3. g3 g6 4. Bg2 Bg7 5. c4 c6 6. O-O O-O 7. Nc3 d5 8. cxd5
cxd5 9. Ne5 e6 10. Bf4 Bd7 11. Qb3 Nc6 12. Nxc6 Bxc6 13. Be5 Rf7 14. Rac1 Bf8
15. f3 Nd7 16. e3 Nxe5 17. dxe5 Qa5 18. f4 Bc5 19. Ne2 Bb6 20. Nd4 Bd7 21. a3
1/2-1/2

[Event "NB I. Charousek csoport"]
[Site "Biatorbagy"]
[Date "2023.10.29"]
[Round "3.8"]
[White "Farkas, Otto Jr"]
[Black "Jozsa, Csaba"]
[Result "0-1"]
[WhiteElo "2048"]
[BlackElo "2140"]
[PlyCount "106"]
[EventDate "2023.10.08"]
[EventType "team-tourn"]
[EventRounds "11"]
[EventCountry "HUN"]
[Source "chess.hu"]
[WhiteTeam "Biatorbagy II"]
[BlackTeam "Gyori Elektromos"]
[WhiteTeamCountry "HUN"]
[BlackTeamCountry "HUN"]

1. e4 c5 2. Nf3 d6 3. d4 cxd4 4. Nxd4 Nf6 5. Nc3 a6 6. f3 e5 7. Nb3 Be6 8. Be3
Nbd7 9. Qd2 Be7 10. O-O-O O-O 11. g4 Rc8 12. Kb1 b5 13. Qf2 Qc7 14. h4 Bxg4 15.
fxg4 Nxg4 16. Qe2 Nxe3 17. Qxe3 b4 18. Bxa6 bxc3 19. Bxc8 Rxc8 20. Qxc3 Qxc3
21. bxc3 Nb6 22. Rh3 h5 23. Rdd3 g6 24. Kc1 Ra8 25. Kb1 f6 26. Nd2 Kf7 27. c4
f5 28. Rb3 Nd7 29. Rbf3 f4 30. Kb2 Nc5 31. a3 Bd8 32. Rf1 Bb6 33. c3 Nd7 34.
Ra1 Be3 35. Nf3 Nc5 36. Ng5+ Kf6 37. Kc2 Bf2 38. Nh7+ Kg7 39. Ng5 Kf6 40. Nh7+
Ke7 41. Ng5 Ra7 42. a4 Kf6 43. Nf3 Nxe4 44. Nd2 Nxd2 45. Kxd2 e4 46. Ke2 Bc5
47. a5 Kf5 48. a6 f3+ 49. Kd2 Re7 50. Rg3 Kf4 51. Rg5 e3+ 52. Ke1 e2 53. Rxc5
Ke3 0-1